| 000 | 00733cam a2200229 4500 | ||
|---|---|---|---|
| 001 | ABS66416 | ||
| 008 | 030304n2003 000 0 eng u | ||
| 035 | _a(Sirsi) u121506 | ||
| 245 | _aFocus 2003: Northern Ireland update and vision | ||
| 260 | _c2003 | ||
| 490 |
_aEstates Gazette _v(0309) 15 February 2003, 89-103(12) |
||
| 590 | _aABS | ||
| 650 | _aNORTHERN IRELAND | ||
| 650 | _aPROPERTY-COMMERCIAL PROPERTY-OFFICE PROPERTY-OFFICE PROPERTY MARKET | ||
| 650 | _aPROPERTY-COMMERCIAL PROPERTY-RETAIL PROPERTY-RETAIL PROPERTY MARKET | ||
| 650 | _aINDUSTRIAL MARKET | ||
| 650 | _aBELFAST | ||
| 650 | _aDEVELOPMENT | ||
| 650 | _aRENTS | ||
| 690 | _aPROPERTY-COMMERCIAL PROPERTY-COMMERCIAL PROPERTY MARKET | ||
| 942 | _n0 | ||
| 999 |
_c72211 _d72211 |
||